书目信息 |
| 题名: |
中国传统纹样图案与设计应用
|
|
| 作者: | ;Sendpoints善本 编著 | |
| 分册: | ||
| 出版信息: | 北京 人民邮电出版社 2023.07 |
|
| 页数: | 253页 | |
| 开本: | 26cm | |
| 丛书名: | ||
| 单 册: | ||
| 中图分类: | J522 , J51 | |
| 科图分类: | ||
| 主题词: | 纹样--wen yang--图案--中国--图集 , 纹样设计--wen yang she ji | |
| 电子资源: | ||
| ISBN: | 978-7-115-59044-2 | |
| 000 | 01083nam0 2200253 450 | |
| 001 | 2537750913 | |
| 005 | 20250411103149.27 | |
| 010 | @a978-7-115-59044-2@b精装@dCNY198.00 | |
| 100 | @a20230809d2023 em y0chiy0120 ea | |
| 101 | 0 | @achi |
| 102 | @aCN@b110000 | |
| 105 | @aa z 000yy | |
| 200 | 1 | @a中国传统纹样图案与设计应用@Azhong guo chuan tong wen yang tu an yu she ji ying yong@fSendpoints善本编著 |
| 210 | @a北京@c人民邮电出版社@d2023.07 | |
| 215 | @a253页@c图 (部分彩图)@d26cm | |
| 330 | @a本书除了包含三大类28小类共计上千种的中国传统图案展示之外, 还精选了数十个以传统图案为创作灵感, 在充分理解传统图案精髓的基础上, 将古典图形艺术与现代元素相结合的设计作品。既充满现代感, 又独具东方图案的神韵。对于爱好传统文化, 以及希望作品具备独特个性, 体现特色的设计师来说能起到良好的启发和借鉴作用。 | |
| 503 | @n河南城建学院图书馆 | |
| 606 | 0 | @a纹样@Awen yang@x图案@y中国@j图集 |
| 606 | 0 | @a纹样设计@Awen yang she ji |
| 690 | @aJ522@v5 | |
| 690 | @aJ51@v5 | |
| 711 | 02 | @aSendpoints善本@ASendpoints shan ben@4编著 |
| 801 | 0 | @aCN@c20230809 |
| 905 | @dJ522@eS177@f1@sJ522/S177 | |
| 中国传统纹样图案与设计应用/Sendpoints善本编著.-北京:人民邮电出版社,2023.07 |
| 253页:图 (部分彩图);26cm |
| ISBN 978-7-115-59044-2(精装):CNY198.00 |
| 本书除了包含三大类28小类共计上千种的中国传统图案展示之外, 还精选了数十个以传统图案为创作灵感, 在充分理解传统图案精髓的基础上, 将古典图形艺术与现代元素相结合的设计作品。既充满现代感, 又独具东方图案的神韵。对于爱好传统文化, 以及希望作品具备独特个性, 体现特色的设计师来说能起到良好的启发和借鉴作用。 |
| ● |
| 相关链接 |
|
|
|
正题名:中国传统纹样图案与设计应用
索取号:J522/S177
 
预约/预借
| 序号 | 登录号 | 条形码 | 馆藏地/架位号 | 状态 | 备注 |
| 1 | 1554887 | 215548879 | 计算机与数据科学学院资料室/ [索取号:J522/S177] | 在馆 |